| 000 | 01071nam a2200253 a 4500 | ||
|---|---|---|---|
| 001 | 39584 | ||
| 003 | BD-RjUL | ||
| 005 | 20211209053024.0 | ||
| 008 | 160412r20111981bg a|||| |||| 001 0 ben d | ||
| 020 |
_a9789848765777 _c: TK. 550.00 |
||
| 035 | _a(BD-RjUL)39697 | ||
| 040 |
_aBD-RjUL _bben _cBD-RjUL |
||
| 041 | _aben | ||
| 082 |
_223 _bNEA 2011 _a324.2092 |
||
| 100 |
_aনেরুদা, পাবলো _9121932 |
||
| 245 | 1 | 0 |
_aঅনুস্মৃতি _cপাবলো নেরুদা ; মর্মানুবাদ ভবানীপ্রসাদ দত্ত |
| 260 |
_aঢাকা : _bপ্রথমা প্রকাশন, _c২০১১ |
||
| 300 |
_a১৩ পৃ. : _bচিত্র ; _c২২ সেমি. |
||
| 500 | _aপরিশিষ্ট ও নির্ঘন্ট সংযুক্ত | ||
| 650 |
_aরাজনীতিবিদ _xজীবনী _9121934 |
||
| 650 |
_aPolitician _xBiography _9121935 |
||
| 700 |
_aদত্ত, ভবানীপ্রসাদ, মর্মানুবাদ _9121936 |
||
| 942 |
_2ddc _cBK _01 |
||
| 999 |
_c39584 _d39584 |
||